Zemianske Podhradie - križovatka slovenských dejín : zborník príspevkov zo seminára o Pavlovi Doležalovi, rodine Príleských a štúrovských tradíciách Zemianského Podhradia /

Uložené v:
Podrobná bibliografia
Korporatívny autor: MO Matice slovenskej (Bošác, Slovensko) (Author)
Médium: Kniha
Jazyk:Slovak
Vydané: Bratislava : Floppy servis, 2001
Vydanie:1. vyd.
Témy:
ISBN: 8089053068 (brož.)
Fyzický popis: 67 s., [6] s. obr. príl. : il. ; 20 cm
Tagy: Pridať tag
Žiadne tagy, Buďte prvý kto otaguje tento záznam!

MARC

LEADER 00000nam a2200000 a 4500
001 000000863
005 20040831123225.0
008 040326s2001 xo aj e b 000 0 sloo
020 |a 8089053068 (brož.) 
040 |a SVKKK  |b slo  |c SVKKK  |e AACR2 
041 0 |a slo 
044 |a xo  |c SK 
072 7 |a 821.162.4  |x Slovenská literatúra  |2 konspekt 
080 |a 929  |2 1997 
080 |a 929.52  |2 1997 
080 |a 821.162.4  |2 1997 
080 |a 94(437.626)  |2 1997 
080 |a (063)  |2 1997 
245 0 0 |a Zemianske Podhradie - križovatka slovenských dejín :  |b zborník príspevkov zo seminára o Pavlovi Doležalovi, rodine Príleských a štúrovských tradíciách Zemianského Podhradia /  |c [zodpovedný redaktor: Stanislav Zamec] 
250 |a 1. vyd. 
260 |a Bratislava :  |b Floppy servis,  |c 2001 
300 |a 67 s., [6] s. obr. príl. :  |b il. ;  |c 20 cm 
500 |a Údaj o red. prevzatý z rubu titulnej strany 
500 |a Vydané pre MO Matice slovenskej v Bošáci 
504 |a Obsahuje poznámky. Bibliografis s. 67 
600 1 7 |a Doležal, Pavol,  |d 1700-1778  |2 SVKKKMA 
600 3 7 |a Príleský (rodina)  |2 SVKKKMA 
650 0 7 |a štúrovci  |z Zemianske Podhradie (Slovensko)  |2 SVKKKPH 
651 7 |a Zemianske Podhradie (Slovensko)  |2 SVKKKPH 
655 7 |a zborníky konferencií  |2 SVKKKPH 
655 7 |a zborníky  |2 SVKKKPH 
700 1 |a Zamec, Stanislav  |4 lso 
710 2 |a MO Matice slovenskej (Bošác, Slovensko)  |4 aut 
919 |a 80-89053-06-8 
998 |a BK 
090 |g SCKHL  |k Sklad Pribinova 2. posch.  |a III.196427  |j 960319  |i 2720022276  |s Absenčne